El imperialismo y las grandes guerras mundiales. (Record no. 99990)
[ view plain ]
| 000 -CABECERA | |
|---|---|
| campo de control de longitud fija | 00581nam a2200181 a 4500 |
| 005 - FECHA Y HORA DE LA ÚLTIMA TRANSACCIÓN | |
| campo de control | 20210223125049.0 |
| 008 - ELEMENTOS DE LONGITUD FIJA--INFORMACIÓN GENERAL | |
| campo de control de longitud fija | 030812s1955 mx r 000 0 spa d |
| 035 ## - NÚMERO DE CONTROL DEL SISTEMA | |
| Número de control de sistema | UPN01000127811 |
| 049 ## - COLECCIÓN | |
| Colección | SEP |
| 050 #4 - SIGNATURA TOPOGRÁFICA DE LA BIBLIOTECA DEL CONGRESO | |
| Número de clasificación | LC5309 U54 |
| Número de documento/Ítem | H52020 |
| 245 03 - MENCIÓN DE TÍTULO | |
| Título | El imperialismo y las grandes guerras mundiales. |
| 260 ## - PUBLICACIÓN, DISTRIBUCIÓN, ETC. | |
| Lugar de publicación, distribución, etc. | México : |
| Nombre del editor, distribuidor, etc. | SEP, Instituto Federal de Capacitación del Magisterio, |
| Fecha de publicación, distribución, etc. | [1955?]. |
| 300 ## - DESCRIPCIÓN FÍSICA | |
| Extensión | [21] p. |
| 500 ## - NOTA GENERAL | |
| Nota general | "Historia universal : segundo curso, lección no.20" |
| 500 ## - NOTA GENERAL | |
| Nota general | Incluye cuestionario |
| 650 #4 - ASIENTO SECUNDARIO DE MATERIA - TERMINO TEMATICO | |
| Término de materia o nombre geográfico como elemento de entrada | IMPERIALISMO - |
| Subdivisión general | HISTORIA |
| 9 (RLIN) | 25282 |
| 905 ## - TIPO DE MATERIAL | |
| Tipo de material | Libro |
| Estado de retiro | Estado de pérdida | Fuente del sistema de clasificación o colocación | Estado dañado | No para préstamo | Código de colección | Localización permanente | Ubicación/localización actual | Ubicación en estantería | Fecha de adquisición | Clasificación | Código de barras | Fecha visto por última vez | Número de copia | Tipo de ítem Koha |
|---|---|---|---|---|---|---|---|---|---|---|---|---|---|---|
| Library of Congress Classification | Coleccion LT | Libros de texto | Bib. Gregorio Torres Quintero | Bib. Gregorio Torres Quintero | Libros de Texto | 09/05/2023 | LC5309 U54 H52020 | 17044 | 31/12/2020 | 1 | Libro | |||
| Library of Congress Classification | Coleccion LT | Libros de texto | Bib. Gregorio Torres Quintero | Bib. Gregorio Torres Quintero | Libros de Texto | 09/05/2023 | LC5309 U54 H52020 | 17043 | 31/12/2020 | 1 | Libro |
